[Event "Graz op-A"]
[Site "Graz"]
[Date "2022.09.07"]
[Round "5"]
[White "Sandhoefner, Florian"]
[Black "Poetsch, Hagen"]
[Result "1-0"]
[WhiteElo "2256"]
[BlackElo "2491"]
[PlyCount "79"]
[EventDate "2022.09.03"]
[EventType "swiss"]
[EventRounds "9"]
[EventCountry "AUT"]
[SourceTitle "EXT 2023"]
[Source "ChessBase"]
[SourceDate "2022.10.05"]
[SourceVersion "1"]
[SourceVersionDate "2022.10.05"]
[SourceQuality "1"]

1. d4 Nf6 2. Nf3 g6 3. c4 Bg7 4. Nc3 d5 5. Qb3 dxc4 6. Qxc4 0-0 7. e4 Be6 8. Qd3 c5 9. d5 Bg4 10. Be2 e6 11. 0-0 exd5 12. exd5 Nbd7 13. Rd1 Rc8 14. h3 Bf5 15. Qb5 Nb6 16. Be3 a6 17. Qb3 Re8 18. a4 Ne4 19. a5 Nd7 20. Qxb7 Bxc3 21. bxc3 Nxc3 22. Rd2 Nxe2+ 23. Rxe2 Qf6 24. Rae1 Rb8 25. Qc6 Rec8 26. Qa4 Rb4 27. Qa3 Rb1 28. Bc1 Qa1 29. Qe3 Qa4 30. Qh6 Nf6 31. Bb2 Rxb2 32. Rxb2 c4 33. Rb6 Nd7 34. Ng5 Nf8 35. Rb7 Qxa5 36. Ree7 Qa1+ 37. Kh2 Qd4 38. Nxh7 c3 39. Rxf7 Qf4+ 40. Qxf4 1-0

[Event "Graz op-A"]
[Site "Graz"]
[Date "2022.09.06"]
[Round "4"]
[White "Sandhoefner, Florian"]
[Black "Schmitz, Thorsten"]
[Result "1/2-1/2"]
[WhiteElo "2256"]
[BlackElo "2266"]
[PlyCount "90"]
[EventDate "2022.09.03"]
[EventType "swiss"]
[EventRounds "9"]
[EventCountry "AUT"]
[SourceTitle "EXT 2023"]
[Source "ChessBase"]
[SourceDate "2022.10.05"]
[SourceVersion "1"]
[SourceVersionDate "2022.10.05"]
[SourceQuality "1"]

1. e4 c5 2. Nf3 Nc6 3. d4 cxd4 4. Nxd4 Nf6 5. Nc3 e6 6. Ndb5 Bb4 7. a3 Bxc3+ 8. Nxc3 d5 9. exd5 Nxd5 10. Nxd5 exd5 11. Bd3 Qe7+ 12. Qe2 Qxe2+ 13. Kxe2 Ne5 14. Bb5+ Bd7 15. Bxd7+ Kxd7 16. Rd1 Ke6 17. Be3 Rac8 18. Rac1 a6 19. Kf1 f6 20. Bd4 Rhe8 21. Rd2 Nc4 22. Rd3 Nd6 23. f3 h5 24. a4 Nf5 25. Bc3 Re7 26. Bb4 Rd7 27. c3 b6 28. Re1+ Kf7 29. g4 hxg4 30. fxg4 Nh4 31. Red1 Ke6 32. b3 Ng6 33. c4 Rcd8 34. c5 Ne5 35. Rg3 bxc5 36. Bxc5 Rc8 37. Bd4 Rc2 38. h3 Rdc7 39. Re3 Rh2 40. Rde1 Rcc2 41. Kg1 Rcg2+ 42. Kf1 Rc2 43. Kg1 Rhg2+ 44. Kh1 Kd6 45. b4 Rh2+ 1/2-1/2

[Event "Graz op-A"]
[Site "Graz"]
[Date "2022.09.05"]
[Round "3"]
[White "Henrichs, Thomas"]
[Black "Sandhoefner, Florian"]
[Result "1/2-1/2"]
[WhiteElo "2450"]
[BlackElo "2256"]
[PlyCount "73"]
[EventDate "2022.09.03"]
[EventType "swiss"]
[EventRounds "9"]
[EventCountry "AUT"]
[SourceTitle "EXT 2023"]
[Source "ChessBase"]
[SourceDate "2022.10.05"]
[SourceVersion "1"]
[SourceVersionDate "2022.10.05"]
[SourceQuality "1"]

1. d4 d5 2. Nf3 Nf6 3. c4 c6 4. Nc3 dxc4 5. a4 e6 6. g3 c5 7. Bg2 Nc6 8. Be3 Ng4 9. 0-0 Nxe3 10. fxe3 Be7 11. Ne4 cxd4 12. exd4 0-0 13. e3 b6 14. Qe2 Ba6 15. Nc3 Rc8 16. Nb5 Bb7 17. Ne5 Nxe5 18. Bxb7 Rb8 19. Be4 a6 20. Nc3 Nd3 21. b3 f5 22. Bxd3 cxd3 23. Qxd3 a5 24. Nb5 Qd7 25. Rac1 Rbc8 26. Rc4 Rxc4 27. bxc4 e5 28. Nc3 Bd8 29. Nd5 exd4 30. exd4 Qxa4 31. Rxf5 Rxf5 32. Qxf5 Qxc4 33. Qe6+ Kf8 34. Qd6+ Ke8 35. Qe6+ Kf8 36. Qd6+ Ke8 37. Qe6+ 1/2-1/2

[Event "AUT-ch"]
[Site "Vienna"]
[Date "2022.08.15"]
[Round "4"]
[White "Sandhoefner, Florian"]
[Black "Kienboeck, Benjamin"]
[Result "1/2-1/2"]
[WhiteElo "2280"]
[BlackElo "2105"]
[PlyCount "106"]
[EventDate "2022.08.12"]
[EventType "swiss"]
[EventRounds "9"]
[EventCountry "AUT"]
[SourceTitle "CBM 209 Extra"]
[Source "ChessBase"]
[SourceDate "2022.09.30"]
[SourceVersion "1"]
[SourceVersionDate "2022.09.30"]
[SourceQuality "1"]

1. e4 c6 2. d4 d5 3. Nc3 dxe4 4. Nxe4 Bf5 5. Ng3 Bg6 6. Nh3 Nd7 7. Nf4 e5 8. Nxg6 hxg6 9. c3 Ngf6 10. Be3 Nd5 11. Qd2 Nxe3 12. Qxe3 Qb6 13. 0-0-0 0-0-0 14. Bc4 exd4 15. cxd4 f5 16. Bf7 c5 17. d5 Bd6 18. Qe6 Rdf8 19. h4 Rxf7 20. Qxf7 Be5 21. Rd2 Rf8 22. Qe6 Bf4 23. Rhd1 Qxe6 24. dxe6 Nf6 25. Ne2 Bxd2+ 26. Rxd2 Kc7 27. Nf4 Re8 28. f3 Kc6 29. Kc2 Nh5 30. Nxh5 gxh5 31. g4 fxg4 32. fxg4 hxg4 33. Rg2 Re7 34. Rxg4 Kd6 35. h5 b6 36. Rg6 Ke5 37. h6 gxh6 38. Rxh6 Rxe6 39. Rh7 a5 40. Kc3 Kd5 41. Rh5+ Kc6 42. a4 Re3+ 43. Kc2 Re4 44. Kb3 Rb4+ 45. Ka3 Rd4 46. Kb3 Rb4+ 47. Ka3 c4 48. Rh3 b5 49. Rh6+ Kd7 50. Rh7+ Ke6 51. Rh6+ Kf7 52. axb5 Rxb5 53. Rc6 Rb4 1/2-1/2

[Event "St Veit op 41st"]
[Site "St Veit"]
[Date "2022.07.14"]
[Round "7"]
[White "Sandhoefner, Florian"]
[Black "Rogic, Davor"]
[Result "1/2-1/2"]
[WhiteElo "2289"]
[BlackElo "2474"]
[PlyCount "100"]
[EventDate "2022.07.09"]
[EventType "swiss"]
[EventRounds "9"]
[EventCountry "AUT"]
[SourceTitle "CBM 209 Extra"]
[Source "ChessBase"]
[SourceDate "2022.09.30"]
[SourceVersion "1"]
[SourceVersionDate "2022.09.30"]
[SourceQuality "1"]

1. d4 Nf6 2. Nf3 d5 3. Bf4 e6 4. e3 Bd6 5. c3 0-0 6. Nbd2 c5 7. Bxd6 Qxd6 8. Bd3 Nc6 9. 0-0 e5 10. dxc5 Qxc5 11. e4 Bg4 12. Qc2 Rad8 13. Rfe1 Rfe8 14. b4 Qd6 15. exd5 Qxd5 16. Bc4 Qd7 17. Rad1 Qc7 18. Ne4 Bxf3 19. gxf3 Nxe4 20. fxe4 Ne7 21. Qb3 Ng6 22. Bd5 Nf4 23. c4 Rd6 24. Kh1 Rh6 25. Rg1 Qe7 26. Qg3 Rg6 27. Qb3 Rh6 28. Qg3 Rg6 29. Qb3 Rf6 30. Qg3 g6 31. Qe3 Qxb4 32. Rb1 Qa4 33. Rxb7 Nxd5 34. cxd5 Qxa2 35. Kg2 a5 36. Rgb1 Rc8 37. Rb8 Rxb8 38. Rxb8+ Kg7 39. Qc5 Kh6 40. Re8 Qe2 41. Rxe5 Qf3+ 42. Kg1 g5 43. Rf5 Rxf5 44. exf5 a4 45. Qf8+ Kh5 46. Qxf7+ Kg4 47. f6 Qd1+ 48. Kg2 Qf3+ 49. Kg1 Qd1+ 50. Kg2 Qf3+ 1/2-1/2

[Event "St Veit op 41st"]
[Site "St Veit"]
[Date "2022.07.12"]
[Round "5"]
[White "Sandhoefner, Florian"]
[Black "Ofner, Maximilian"]
[Result "1/2-1/2"]
[WhiteElo "2289"]
[BlackElo "2194"]
[PlyCount "102"]
[EventDate "2022.07.09"]
[EventType "swiss"]
[EventRounds "9"]
[EventCountry "AUT"]
[SourceTitle "CBM 209 Extra"]
[Source "ChessBase"]
[SourceDate "2022.09.30"]
[SourceVersion "1"]
[SourceVersionDate "2022.09.30"]
[SourceQuality "1"]

1. e4 c5 2. Nf3 e6 3. d4 cxd4 4. Nxd4 Nc6 5. Nb5 d6 6. Bf4 e5 7. Be3 Nf6 8. Bg5 a6 9. Bxf6 gxf6 10. N5c3 Be7 11. Nd5 0-0 12. Bd3 Be6 13. Nbc3 b5 14. 0-0 b4 15. Ne2 f5 16. Ng3 f4 17. Nf5 Bxf5 18. exf5 Bf6 19. a3 Rb8 20. Be4 bxa3 21. Rxa3 Nb4 22. Rh3 Nxd5 23. Qh5 Re8 24. Bxd5 Qe7 25. Qxh7+ Kf8 26. Rh6 Rec8 27. Rg6 Ke8 28. Qg8+ Kd7 29. Qxf7 Qxf7 30. Bxf7 Rxc2 31. b3 Ke7 32. Be6 e4 33. g4 e3 34. fxe3 fxe3 35. Bc4 d5 36. Bxd5 e2 37. Re1 Rd8 38. Bf3 Rd1 39. Rxd1 exd1Q+ 40. Bxd1 Rc1 41. g5 Rxd1+ 42. Kf2 Bd4+ 43. Ke2 Rh1 44. Kd3 Bb2 45. Rh6 Rf1 46. f6+ Ke6 47. h4 Rf3+ 48. Kc4 a5 49. Rh7 Rc3+ 50. Kb5 Rxb3+ 51. Kxa5 Bxf6 1/2-1/2

[Event "Pasching PlusCity op"]
[Site "Pasching"]
[Date "2022.06.17"]
[Round "4"]
[White "Sandhoefner, Florian"]
[Black "Druska, Juraj"]
[Result "0-1"]
[WhiteElo "2310"]
[BlackElo "2523"]
[PlyCount "112"]
[EventDate "2022.06.17"]
[EventType "swiss (rapid)"]
[EventRounds "9"]
[EventCountry "AUT"]
[SourceTitle "EXT 2023"]
[Source "ChessBase"]
[SourceDate "2022.10.05"]
[SourceVersion "1"]
[SourceVersionDate "2022.10.05"]
[SourceQuality "1"]

1. d4 d5 2. Nf3 Nf6 3. Bf4 c5 4. c3 e6 5. e3 Nc6 6. Nbd2 Bd6 7. Bxd6 Qxd6 8. Bd3 0-0 9. 0-0 e5 10. dxc5 Qxc5 11. e4 Bg4 12. Qc2 Rad8 13. Rfe1 d4 14. cxd4 Qxc2 15. Bxc2 Bxf3 16. Nxf3 Nxd4 17. Nxd4 Rxd4 18. Rac1 a5 19. f3 Rfd8 20. Red1 Kf8 21. Rxd4 Rxd4 22. Rd1 Rxd1+ 23. Bxd1 Ke7 24. Kf2 Nd7 25. Ke3 Nc5 26. Kd2 Ne6 27. Bb3 Nd4 28. Bd5 b6 29. Kd3 f6 30. Kd2 Kd6 31. Kd3 h6 32. Kd2 Kc5 33. Kd3 g5 34. Kd2 h5 35. Kd3 h4 36. Ke3 Nc2+ 37. Kd2 Nb4 38. Bg8 Kd4 39. a3 Na6 40. h3 Nc5 41. Bf7 Nd3 42. b3 Nf4 43. Be8 Nxg2 44. Bd7 Nf4 45. Bf5 Nd3 46. Bg6 Nc5 47. Bf7 Nb7 48. a4 Nc5 49. Bg8 Na6 50. Bf7 Nc5 51. Bg8 Nd3 52. Be6 Nf4 53. Bf5 Kc5 54. Kc3 Ne2+ 55. Kb2 Nd4 56. Bg4 Kb4 0-1

[Event "Donau op 30th"]
[Site "Aschach"]
[Date "2021.12.30"]
[Round "6"]
[White "Obermayr, Hermann"]
[Black "Sandhoefner, Florian"]
[Result "1/2-1/2"]
[WhiteElo "2098"]
[BlackElo "2280"]
[PlyCount "55"]
[EventDate "2021.12.26"]
[EventType "swiss"]
[EventRounds "7"]
[EventCountry "AUT"]
[SourceTitle "EXT 2023"]
[Source "ChessBase"]
[SourceDate "2022.10.05"]
[SourceVersion "1"]
[SourceVersionDate "2022.10.05"]
[SourceQuality "1"]

1. d4 d5 2. Nf3 Nf6 3. c4 c6 4. Qb3 dxc4 5. Qxc4 e6 6. g3 b5 7. Qc2 Bb7 8. Bg2 Nbd7 9. 0-0 c5 10. dxc5 Bxc5 11. Bg5 Rc8 12. Qb3 a6 13. Nfd2 Bxg2 14. Kxg2 h6 15. Bxf6 Nxf6 16. Rd1 Qb6 17. e3 0-0 18. Nc3 Rfd8 19. Nf1 Qc6+ 20. f3 b4 21. Ne2 Qb5 22. Rxd8+ Rxd8 23. Qc2 Qd3 24. Qxd3 Rxd3 25. Nf4 Rd6 26. Re1 Nd5 27. Kf2 g5 28. Ng2 1/2-1/2

[Event "AUT-ch Blitz"]
[Site "Graz"]
[Date "2021.06.06"]
[Round "7"]
[White "Sandhoefner, Florian"]
[Black "Morgunov, Marc"]
[Result "1-0"]
[WhiteElo "2281"]
[BlackElo "2393"]
[PlyCount "113"]
[EventDate "2021.06.06"]
[EventType "swiss (blitz)"]
[EventRounds "11"]
[EventCountry "AUT"]
[SourceTitle "CBM 202 Extra"]
[Source "ChessBase"]
[SourceDate "2021.07.31"]
[SourceVersion "1"]
[SourceVersionDate "2021.07.31"]
[SourceQuality "1"]

1. e4 c5 2. Nf3 d6 3. d4 cxd4 4. Nxd4 Nf6 5. Nc3 a6 6. Be3 e5 7. Nb3 Be6 8. f3 h5 9. Qd2 Nbd7 10. Nd5 Bxd5 11. exd5 g6 12. c4 Bg7 13. Be2 0-0 14. 0-0 e4 15. f4 Ng4 16. Bxg4 hxg4 17. Nd4 Bxd4 18. Bxd4 f5 19. Qe3 Rc8 20. Rac1 a5 21. h3 Qh4 22. hxg4 Qxg4 23. b3 Rf7 24. Rc3 Rh7 25. Qg3 Qxg3 26. Rxg3 Kf7 27. Rh3 Rxh3 28. gxh3 Nf6 29. Kg2 Rh8 30. Rc1 Rg8 31. Bxf6 Kxf6 32. c5 Rc8 33. c6 bxc6 34. dxc6 d5 35. a3 d4 36. b4 axb4 37. axb4 d3 38. b5 Ke6 39. Kf2 Kd6 40. Ke3 Kc7 41. Rg1 Rh8 42. Rxg6 Rxh3+ 43. Kd2 Rh2+ 44. Kd1 e3 45. Rg1 Ra2 46. Rg7+ Kd8 47. Rd7+ Kc8 48. Rxd3 Rb2 49. Rd5 Kc7 50. Rxf5 Kb6 51. Re5 e2+ 52. Ke1 Kc7 53. f5 Kd6 54. Re6+ Kc7 55. Re7+ Kd6 56. Rb7 Rc2 57. f6 1-0

[Event "AUT-ch Blitz"]
[Site "Graz"]
[Date "2021.06.06"]
[Round "9"]
[White "Sandhoefner, Florian"]
[Black "Ragger, Anna Christina"]
[Result "0-1"]
[WhiteElo "2281"]
[BlackElo "2163"]
[PlyCount "102"]
[EventDate "2021.06.06"]
[EventType "swiss (blitz)"]
[EventRounds "11"]
[EventCountry "AUT"]
[SourceTitle "CBM 202 Extra"]
[Source "ChessBase"]
[SourceDate "2021.07.31"]
[SourceVersion "1"]
[SourceVersionDate "2021.07.31"]
[SourceQuality "1"]

1. e4 e5 2. Nf3 Nc6 3. Bb5 a6 4. Ba4 Nf6 5. 0-0 Be7 6. Re1 b5 7. Bb3 0-0 8. c3 d6 9. d4 Bg4 10. d5 Na5 11. Bc2 c6 12. b4 Nc4 13. dxc6 Qc7 14. Nbd2 Nxd2 15. Bxd2 Qxc6 16. a4 h6 17. Qe2 Rfc8 18. axb5 axb5 19. Bd3 Bxf3 20. gxf3 Rxa1 21. Rxa1 Rb8 22. Ra5 Nh5 23. Bxb5 Qc8 24. Ra7 Bg5 25. Bxg5 hxg5 26. Qc4 Qxc4 27. Bxc4 Nf4 28. Bxf7+ Kf8 29. Bd5 Ne2+ 30. Kg2 Nxc3 31. Rf7+ Ke8 32. Rxg7 Rxb4 33. Bc6+ Kf8 34. Rxg5 Ne2 35. h4 Rb1 36. Bd5 Nf4+ 37. Kh2 Rf1 38. Kg3 Rg1+ 39. Kh2 Rf1 40. Rg1 Rxf2+ 41. Kg3 Rb2 42. Kg4 Ke7 43. Kf5 Rh2 44. Rg7+ Kf8 45. Rd7 Rxh4 46. Rxd6 Rh5+ 47. Kg4 Rh2 48. Rf6+ Kg7 49. Rf5 Rg2+ 50. Kh4 Rd2 51. Rxe5 Ng6+ 0-1

[Event "AUT-ch Rapid"]
[Site "Graz"]
[Date "2021.06.05"]
[Round "7"]
[White "Sandhoefner, Florian"]
[Black "Diermair, Andreas"]
[Result "1/2-1/2"]
[WhiteElo "2281"]
[BlackElo "2459"]
[PlyCount "197"]
[EventDate "2021.06.04"]
[EventType "swiss (rapid)"]
[EventRounds "9"]
[EventCountry "AUT"]
[SourceTitle "CBM 202 Extra"]
[Source "ChessBase"]
[SourceDate "2021.07.31"]
[SourceVersion "1"]
[SourceVersionDate "2021.07.31"]
[SourceQuality "1"]

1. e4 e6 2. d4 d5 3. exd5 exd5 4. Bd3 Bd6 5. Ne2 Qh4 6. g3 Qh5 7. Nf4 Qxd1+ 8. Kxd1 Ne7 9. Re1 0-0 10. c3 Bg4+ 11. Kc2 c5 12. dxc5 Bxc5 13. Be3 Bd6 14. Nd2 Nbc6 15. Rac1 Ne5 16. Bf1 Bf5+ 17. Kb3 Ng4 18. Bg2 Nxe3 19. Rxe3 Bxf4 20. gxf4 Be6 21. Kc2 Ng6 22. Nb3 Nxf4 23. Bf3 Bf5+ 24. Kd2 Rfe8 25. Rce1 Kf8 26. Nd4 Bd7 27. Rxe8+ Rxe8 28. Rxe8+ Kxe8 29. Ke3 g5 30. h4 f6 31. hxg5 fxg5 32. Nb3 Ke7 33. Nd2 Kd6 34. c4 Ke5 35. cxd5 Nxd5+ 36. Bxd5 Kxd5 37. Ne4 h6 38. Nf6+ Ke6 39. Ne4 Bc6 40. Ng3 Kf6 41. f4 Kg6 42. Ne2 Kf5 43. Nd4+ Kf6 44. b4 Bd5 45. a4 g4 46. Kf2 h5 47. Kg3 Be4 48. Kh4 Bg6 49. b5 Ke7 50. a5 Kd6 51. a6 bxa6 52. bxa6 Kc5 53. Ne6+ Kb6 54. Ng7 Kxa6 55. f5 Bf7 56. Nxh5 Bxh5 57. Kxh5 g3 58. f6 g2 59. f7 g1Q 60. f8Q Qh2+ 61. Kg4 Qg2+ 62. Kh4 Qd5 63. Qa3+ Kb6 64. Kg3 a5 65. Kf2 Qd2+ 66. Kf1 Qd1+ 67. Kf2 Qd4+ 68. Ke2 a4 69. Qf8 Kb5 70. Qb8+ Kc4 71. Qc7+ Kb3 72. Qb7+ Ka2 73. Qf7+ Ka1 74. Qe6 Qb2+ 75. Ke1 a3 76. Kd1 Qc3 77. Qb6 Qd3+ 78. Kc1 Qc3+ 79. Kd1 Qb2 80. Qc5 Qb1+ 81. Qc1 Ka2 82. Kd2 Qb4+ 83. Kc2 Qb2+ 84. Kd1 Qd4+ 85. Kc2 Qb2+ 86. Kd1 Kb3 87. Qe3+ Qc3 88. Qb6+ Ka2 89. Qf2+ Ka1 90. Qc2 Qd4+ 91. Kc1 Qg1+ 92. Kd2 Qf2+ 93. Kd1 Qd4+ 94. Kc1 Qb2+ 95. Kd1 Qb1+ 96. Kd2 Qb2 97. Kd1 Qxc2+ 98. Kxc2 a2 99. Kc1 1/2-1/2

[Event "AUT-ch Rapid"]
[Site "Graz"]
[Date "2021.06.05"]
[Round "4"]
[White "Sandhoefner, Florian"]
[Black "Jedinger, Andreas"]
[Result "0-1"]
[WhiteElo "2281"]
[BlackElo "2117"]
[PlyCount "99"]
[EventDate "2021.06.04"]
[EventType "swiss (rapid)"]
[EventRounds "9"]
[EventCountry "AUT"]
[SourceTitle "CBM 202 Extra"]
[Source "ChessBase"]
[SourceDate "2021.07.31"]
[SourceVersion "1"]
[SourceVersionDate "2021.07.31"]
[SourceQuality "1"]

1. e4 e5 2. Nf3 Nc6 3. Bc4 Nf6 4. Ng5 d5 5. exd5 b5 6. Bf1 Nd4 7. c3 Nxd5 8. Ne4 Ne6 9. Bxb5+ Bd7 10. Bxd7+ Qxd7 11. d4 exd4 12. cxd4 Be7 13. 0-0 0-0 14. Nbc3 Nxc3 15. bxc3 f5 16. Nd2 c5 17. dxc5 Nxc5 18. Ba3 Rac8 19. Nb3 Qxd1 20. Raxd1 Rf7 21. Nxc5 Bxc5 22. Bxc5 Rxc5 23. Rd8+ Rf8 24. Rxf8+ Kxf8 25. Rc1 Rb5 26. c4 Rb2 27. c5 Ke8 28. c6 Kd8 29. Kf1 Rxa2 30. Rc5 g6 31. Rd5+ Kc7 32. Rd7+ Kxc6 33. Rxh7 Kd5 34. Rg7 a5 35. Rxg6 a4 36. g3 f4 37. Kg2 fxg3 38. hxg3 Ke5 39. Ra6 Kf5 40. Ra8 Kg5 41. Rg8+ Kf5 42. g4+ Kf6 43. Kg3 Ra1 44. Kf4 a3 45. Ra8 a2 46. Ra6+ Kg7 47. Kf5 Kh7 48. g5 Kg7 49. Ra7+ Kg8 50. Kf6 0-1

[Event "AUT-ch Rapid"]
[Site "Graz"]
[Date "2021.06.05"]
[Round "8"]
[White "Sandhoefner, Florian"]
[Black "Morgunov, Marc"]
[Result "1-0"]
[WhiteElo "2281"]
[BlackElo "2393"]
[PlyCount "81"]
[EventDate "2021.06.04"]
[EventType "swiss (rapid)"]
[EventRounds "9"]
[EventCountry "AUT"]
[SourceTitle "CBM 202 Extra"]
[Source "ChessBase"]
[SourceDate "2021.07.31"]
[SourceVersion "1"]
[SourceVersionDate "2021.07.31"]
[SourceQuality "1"]

1. e4 c5 2. Nf3 d6 3. d4 cxd4 4. Nxd4 Nf6 5. Nc3 a6 6. Be3 e5 7. Nb3 Be6 8. f3 h5 9. Qd2 Nbd7 10. Nd5 Bxd5 11. exd5 g6 12. c4 Bg7 13. Be2 0-0 14. 0-0 e4 15. f4 Ng4 16. Bxg4 hxg4 17. f5 Ne5 18. fxg6 fxg6 19. Nd4 Nxc4 20. Qe2 Rxf1+ 21. Rxf1 Nxe3 22. Qxe3 Qb6 23. Rd1 Rc8 24. b3 Re8 25. Nf5 Qxe3+ 26. Nxe3 Rc8 27. Nxg4 Rc2 28. Re1 Bd4+ 29. Kf1 e3 30. Nxe3 Rxa2 31. Ng4 Rb2 32. Re6 Rxb3 33. Rxg6+ Kf7 34. Rxd6 a5 35. Re6 a4 36. Nh6+ Kf8 37. d6 Bb6 38. d7 Bd8 39. Re8+ Kg7 40. Rxd8 Rd3 41. Rg8+ 1-0

[Event "Graz op-A"]
[Site "Graz"]
[Date "2020.02.18"]
[Round "5"]
[White "Palczert, Matyas"]
[Black "Sandhoefner, Florian"]
[Result "1/2-1/2"]
[WhiteElo "2094"]
[BlackElo "2328"]
[PlyCount "73"]
[EventDate "2020.02.14"]
[EventType "swiss"]
[EventRounds "9"]
[EventCountry "AUT"]
[SourceTitle "CBM 195 Extra"]
[Source "ChessBase"]
[SourceDate "2020.05.31"]
[SourceVersion "1"]
[SourceVersionDate "2020.05.31"]
[SourceQuality "1"]

1. e4 c5 2. Nf3 d6 3. d4 cxd4 4. Nxd4 Nf6 5. Nc3 a6 6. Nb3 e6 7. g4 b5 8. g5 Nfd7 9. Bg2 Bb7 10. h4 Qc7 11. f4 Nc5 12. 0-0 b4 13. Ne2 Nxe4 14. Be3 Nc5 15. Bxb7 Qxb7 16. Bxc5 dxc5 17. f5 e5 18. Ng3 Nc6 19. f6 c4 20. fxg7 Bxg7 21. Nc5 Qe7 22. Nce4 0-0 23. Nh5 Rfd8 24. Nhf6+ Bxf6 25. Nxf6+ Kf8 26. Qh5 Qe6 27. Qh6+ Ke7 28. Qxh7 Rd2 29. g6 Nd4 30. Nd5+ Kd6 31. Rf6 Qxf6 32. Nxf6 Nf3+ 33. Kf1 Nh2+ 34. Ke1 Nf3+ 35. Kf1 Nh2+ 36. Ke1 Nf3+ 37. Kf1 1/2-1/2

[Event "Graz op-A"]
[Site "Graz"]
[Date "2020.02.16"]
[Round "3"]
[White "Santiago, Yago de Moura"]
[Black "Sandhoefner, Florian"]
[Result "1-0"]
[WhiteElo "2488"]
[BlackElo "2328"]
[PlyCount "109"]
[EventDate "2020.02.14"]
[EventType "swiss"]
[EventRounds "9"]
[EventCountry "AUT"]
[SourceTitle "CBM 195 Extra"]
[Source "ChessBase"]
[SourceDate "2020.05.31"]
[SourceVersion "1"]
[SourceVersionDate "2020.05.31"]
[SourceQuality "1"]

1. d4 d5 2. c4 c6 3. Nf3 Nf6 4. e3 e6 5. Bd3 dxc4 6. Bxc4 Nbd7 7. 0-0 Bd6 8. Qe2 0-0 9. a4 e5 10. Nc3 Qc7 11. h3 exd4 12. exd4 Re8 13. Qd3 Nb6 14. Bb3 Be6 15. Bxe6 Rxe6 16. a5 Nbd5 17. Ng5 Re7 18. Nxd5 cxd5 19. a6 b6 20. Be3 Rc8 21. Nf3 Qd8 22. Bg5 Rec7 23. Rfe1 h6 24. Bxf6 Qxf6 25. Qb5 Qd8 26. g3 Rc2 27. Re3 Bf8 28. Kg2 Qd6 29. Re5 Rd8 30. Rae1 Qd7 31. Qxd7 Rxd7 32. Re8 f6 33. Ra8 Kf7 34. Ree8 Bd6 35. g4 Rxb2 36. h4 h5 37. gxh5 Bf4 38. h6 Bxh6 39. Reb8 Ra2 40. Rb7 Ke6 41. Re8+ Kd6 42. Ne5 Rc7 43. Rd8+ Ke7 44. Rc8 fxe5 45. Rbxc7+ Kf6 46. Rf8+ Ke6 47. dxe5 Kxe5 48. Rxa7 d4 49. Raa8 d3 50. a7 d2 51. Rae8+ Kd4 52. a8Q Rxa8 53. Rxa8 b5 54. Rfd8+ Kc3 55. Kf1 1-0

[Event "Graz op-A"]
[Site "Graz"]
[Date "2020.02.15"]
[Round "2"]
[White "Sandhoefner, Florian"]
[Black "Eibinger, Manuel"]
[Result "1-0"]
[WhiteElo "2328"]
[BlackElo "2021"]
[PlyCount "87"]
[EventDate "2020.02.14"]
[EventType "swiss"]
[EventRounds "9"]
[EventCountry "AUT"]
[SourceTitle "CBM 195 Extra"]
[Source "ChessBase"]
[SourceDate "2020.05.31"]
[SourceVersion "1"]
[SourceVersionDate "2020.05.31"]
[SourceQuality "1"]

1. e4 c5 2. Nf3 e6 3. d4 cxd4 4. Nxd4 Nc6 5. Nc3 Qc7 6. Be2 Nf6 7. 0-0 Be7 8. Kh1 0-0 9. f4 d6 10. Be3 Nxd4 11. Bxd4 e5 12. Be3 exf4 13. Bxf4 Be6 14. Bd3 Rfd8 15. Qf3 Qa5 16. Rae1 Qh5 17. Qf2 Ng4 18. Qd2 Ne5 19. Nd5 Bf8 20. Nc7 Nxd3 21. Qxd3 Rac8 22. Nxe6 fxe6 23. Qb3 d5 24. c3 b6 25. exd5 exd5 26. Re5 Qf7 27. Qd1 Qb7 28. Bg5 Rd7 29. Rff5 h6 30. Bh4 g5 31. Bf2 Rcd8 32. Bd4 Rf7 33. Qh5 Rd6 34. h4 Rxf5 35. Rxf5 Qh7 36. Qf3 Be7 37. Rxd5 Qb1+ 38. Kh2 Qxa2 39. Rf5 Rd8 40. hxg5 Bxg5 41. Qb7 Rxd4 42. cxd4 Qxb2 43. Qf7+ Kh8 44. Re5 1-0

[Event "AUT-chT2M 1920"]
[Site "Austria"]
[Date "2020.01.11"]
[Round "8.2"]
[White "Drnovsek, Gal"]
[Black "Sandhoefner, Florian"]
[Result "0-1"]
[WhiteElo "2394"]
[BlackElo "2323"]
[PlyCount "112"]
[EventDate "2019.10.11"]
[EventType "team-tourn"]
[EventRounds "11"]
[EventCountry "AUT"]
[SourceTitle "CBM 194 Extra"]
[Source "ChessBase"]
[SourceDate "2020.03.31"]
[SourceVersion "1"]
[SourceVersionDate "2020.03.31"]
[SourceQuality "1"]
[WhiteTeam "St Veit Aspernig II"]
[BlackTeam "St Valentin"]
[WhiteTeamCountry "AUT"]
[BlackTeamCountry "AUT"]

1. d4 d5 2. c4 c6 3. cxd5 cxd5 4. Bf4 Nc6 5. e3 Nf6 6. Nc3 Bg4 7. Qb3 Na5 8. Qa4+ Bd7 9. Qc2 Rc8 10. Nf3 e6 11. h3 Ne4 12. a3 Qb6 13. Ne5 Qb3 14. Qxb3 Nxb3 15. Rb1 Nxc3 16. bxc3 Rxc3 17. Nxd7 Kxd7 18. Bb5+ Kd8 19. a4 Ba3 20. Be2 b6 21. Bd1 Na5 22. e4 dxe4 23. Bd2 Rc8 24. Bxa5 bxa5 25. Rb7 Rf8 26. Kd2 Rc7 27. Rxc7 Kxc7 28. Ke3 f5 29. Bb3 Kd6 30. Ra1 Bb4 31. Rc1 Rb8 32. Bd1 Ba3 33. Rc3 Rb1 34. Ke2 Rb2+ 35. Ke3 Bb4 36. Rc8 Bd2+ 37. Ke2 Bf4+ 38. Ke1 e3 39. fxe3 Bxe3 40. Rd8+ Ke7 41. Rc8 Rxg2 42. Rc7+ Kd6 43. Rxa7 Bxd4 44. Ra6+ Ke7 45. Bb3 e5 46. Rxa5 Bc3+ 47. Kf1 Bxa5 48. Kxg2 Kf6 49. Bg8 h6 50. h4 g5 51. hxg5+ hxg5 52. Bh7 g4 53. Kf2 Bb6+ 54. Ke2 e4 55. Kf1 Ke5 56. Ke2 f4 0-1

[Event "Niederoesterreich Landesliga 1920"]
[Site "Austria"]
[Date "2019.11.24"]
[Round "4.1"]
[White "Schmidrathner, Christian"]
[Black "Sandhoefner, Florian"]
[Result "0-1"]
[WhiteElo "2092"]
[BlackElo "2321"]
[PlyCount "66"]
[EventDate "2019.09.22"]
[EventType "team-tourn"]
[EventRounds "9"]
[EventCountry "AUT"]
[SourceTitle "CBM 195 Extra"]
[Source "ChessBase"]
[SourceDate "2020.05.31"]
[SourceVersion "1"]
[SourceVersionDate "2020.05.31"]
[SourceQuality "1"]
[WhiteTeam "Bisamberg/Korneuburg"]
[BlackTeam "Amstetten"]
[WhiteTeamCountry "AUT"]
[BlackTeamCountry "AUT"]

1. e4 c5 2. Nf3 d6 3. d4 cxd4 4. Nxd4 Nf6 5. Nc3 a6 6. f3 e6 7. Be3 b5 8. a3 Bb7 9. Qd2 Nbd7 10. 0-0-0 Rc8 11. g4 Nb6 12. g5 Nfd7 13. Rg1 Ne5 14. b3 d5 15. Nb1 dxe4 16. f4 Ned7 17. f5 e5 18. Nxb5 Nd5 19. N5c3 Nxc3 20. Nxc3 Bxa3+ 21. Kb1 Bb4 22. Bc4 Bc6 23. g6 hxg6 24. fxg6 f5 25. Bf7+ Kf8 26. Be6 f4 27. Bxd7 Bxd7 28. Bxf4 Bxc3 29. Qxd7 Qxd7 30. Rxd7 exf4 31. Rf7+ Kg8 32. Rxf4 e3 33. Re4 Rh5 0-1